000
00248nam a22001217a 4500
082
_a
823
_b
MAT/Y
100
_a
MATHEIKAL, TOMICHAN
245
_a
YEARNING
260
_a
ALUVA
_b
PEN BOOKS
_c
2004
300
_a
128
650
_a
NOVEL
_z
INDIA
942
_c
BK
999
_c
3528
_d
3528